000 00586nam a22002297a 4500
003 UA-OsUOA
001 91487
007 ta
008 20121129b un ||||| |||| 00| 0 ukr d
100 _aСобко В.
090 _a821.161.2
_bС54
942 _cBK
040 _aUA-OsUOA
_bukr
_cUA-OsUOA
_dUA-OsUOA
245 _aКров України
_bроман
300 _a212 с.
955 _a3
041 _aukr
080 _a821.161.2
260 _aК.
_bУкрвидав
_c1943
650 7 _a82 Література. Літературознавство
_2UDC
999 _c377749
_d377749